<?xml version="1.0" encoding="UTF-8"?><?xml-stylesheet type="text/xsl" href="static/style.xsl"?><OAI-PMH xmlns="http://www.openarchives.org/OAI/2.0/" xmlns:xsi="http://www.w3.org/2001/XMLSchema-instance" xsi:schemaLocation="http://www.openarchives.org/OAI/2.0/ http://www.openarchives.org/OAI/2.0/OAI-PMH.xsd"><responseDate>2026-04-17T15:08:25Z</responseDate><request verb="GetRecord" identifier="oai:riubu.ubu.es:10259/5039" metadataPrefix="marc">https://riubu.ubu.es/oai/request</request><GetRecord><record><header><identifier>oai:riubu.ubu.es:10259/5039</identifier><datestamp>2021-11-10T09:38:23Z</datestamp><setSpec>com_10259_4665</setSpec><setSpec>com_10259_5086</setSpec><setSpec>com_10259_2604</setSpec><setSpec>col_10259_4666</setSpec></header><metadata><record xmlns="http://www.loc.gov/MARC21/slim" xmlns:doc="http://www.lyncode.com/xoai" xmlns:xsi="http://www.w3.org/2001/XMLSchema-instance" xmlns:dcterms="http://purl.org/dc/terms/" xsi:schemaLocation="http://www.loc.gov/MARC21/slim http://www.loc.gov/standards/marcxml/schema/MARC21slim.xsd">
<leader>00925njm 22002777a 4500</leader>
<datafield tag="042" ind1=" " ind2=" ">
<subfield code="a">dc</subfield>
</datafield>
<datafield tag="720" ind1=" " ind2=" ">
<subfield code="a">Jimeno Bulnes, Mar</subfield>
<subfield code="e">author</subfield>
</datafield>
<datafield tag="260" ind1=" " ind2=" ">
<subfield code="c">2007-04</subfield>
</datafield>
<datafield tag="520" ind1=" " ind2=" ">
<subfield code="a">The film 12 Angry Men is well known in Spain, not only to picture-goers but also to researchers examining the pros and cons of trial by jury. Had its plot faithfully reflected Spanish legislation on jury proceedings, the film would undoubtedly have ended very differently.</subfield>
</datafield>
<datafield tag="024" ind2=" " ind1="8">
<subfield code="a">0009-3599</subfield>
</datafield>
<datafield tag="024" ind2=" " ind1="8">
<subfield code="a">http://hdl.handle.net/10259/5039</subfield>
</datafield>
<datafield tag="245" ind1="0" ind2="0">
<subfield code="a">A different story line for 12 Angry Men: verdicts reached by majority rule - the spanish perspective</subfield>
</datafield>
</record></metadata></record></GetRecord></OAI-PMH>